[Event "PAR-ch sf"]
[Site "Asuncion"]
[Date "2022.06.11"]
[Round "4"]
[White "Lopez Bobadilla, Fernando"]
[Black "Zarza, Raul"]
[Result "1/2-1/2"]
[WhiteElo "1179"]
[BlackElo "1170"]
[PlyCount "71"]
[EventDate "2022.06.10"]
[EventType "swiss"]
[EventRounds "7"]
[EventCountry "PAR"]
[SourceTitle "EXT 2023"]
[Source "ChessBase"]
[SourceDate "2022.10.05"]
[SourceVersion "1"]
[SourceVersionDate "2022.10.05"]
[SourceQuality "1"]

1. e4 e5 2. Nf3 Nf6 3. Nc3 Nc6 4. d4 Bb4 5. Nxe5 Nxe5 6. dxe5 Nxe4 7. Qd4 Bxc3+ 8. bxc3 d5 9. Ba3 Ng5 10. c4 dxc4 11. Qxd8+ Kxd8 12. 0-0-0+ Ke8 13. Bxc4 Be6 14. Bd3 Bxa2 15. Kb2 Bd5 16. Bxh7 Bxg2 17. Rhg1 Bf3 18. Rd3 Be2 19. Re3 Rxh7 20. Rxg5 Bc4 21. Rc3 b5 22. Rcg3 Rd8 23. Rxg7 Rxg7 24. Rxg7 Rd2 25. Bc5 Rd5 26. Bxa7 Rxe5 27. Rg3 Rh5 28. h3 Be6 29. Bb8 Kd7 30. Rc3 c6 31. Rf3 Rxh3 32. Rxh3 Bxh3 33. Kc3 Ke6 34. Kb4 Kd5 35. Ba7 Bd7 36. c3 1/2-1/2

[Event "Ita op 1st"]
[Site "Ita"]
[Date "2022.02.12"]
[Round "2"]
[White "Zarza, Raul"]
[Black "Ruiz Diaz, Jorge"]
[Result "0-1"]
[WhiteElo "1138"]
[BlackElo "1674"]
[PlyCount "30"]
[EventDate "2022.02.11"]
[EventType "swiss"]
[EventRounds "7"]
[EventCountry "PAR"]
[SourceTitle "EXT 2023"]
[Source "ChessBase"]
[SourceDate "2022.10.05"]
[SourceVersion "1"]
[SourceVersionDate "2022.10.05"]
[SourceQuality "1"]

1. e4 c5 2. c3 d5 3. exd5 Qxd5 4. Na3 a6 5. Bc4 Qxg2 6. Qb3 Qxh1 7. Bxf7+ Kd7 8. Be6+ Kc7 9. Kf1 Bxe6 10. Qxe6 Nd7 11. d4 Qxh2 12. Qg4 Qh1 13. Bf4+ Kd8 14. dxc5 Ngf6 15. Qg3 Qc6 0-1